000 01048nam a2200169Ia 4500
005 20250117103635.0
008 250117s9999 xx 000 0 und d
020 _a9780691157962
082 _a943.085WEI
100 _aWeitz, Eric D.
245 0 _aWeimar Germany
_bpromise and tragedy
260 _aPrinceton
_bPrinceton University Press
_c2007
300 _axi, 425 p., [8] p. of plates : ill. (some col.) ; 25 cm.
500 _aIncludes bibliographical references (p. [369]-405) and index.
520 _aWeimar Germany still fascinates us, and now this complex and remarkably creative period and place has the history it deserves. Eric Weitz's Weimar Germany reveals the Weimar era as a time of strikingly progressive achievements--and even greater promise. With a rich thematic narrative and detailed portraits of some of Weimar's greatest figures, this comprehensive history recaptures the excitement and drama as it unfolded, viewing Weimar in its own right--and not as a mere prelude to the Nazi era.
650 _aGermany--History--1918-1933.
999 _c3462
_d3462